000 00983nam a2200313 i 4500
003 EG-GICUC
005 20260209121159.0
008 260209s1922 us ||||fr|||| 001 0 eng d
040 _aEG-GiCUC
_beng
_cEG-GiCUC
_dEG-GiCUC
_erda
041 _aeng
082 0 4 _221
_a341.71041
_bSE . G
092 0 4 _221
099 _aLaw1 11 341.71041 SE . G 1922
100 0 _a Seeley, J. R.
_eAuthor.
245 1 4 _aThe Growth Of British Policy /
_cJ. R. Seeley.
264 1 _aCambridge :
_bThe University Press,
_c1922.
300 _a403 pages,
_c24 cm
_billustrations,
336 _2rda content
_atext
337 _2rda media
_aComputer
338 _2rda carrier
_aOnline Resource
500 _aIncludes index.
504 _aBibliography: pages 200-250.
546 _aText in English
650 1 4 _aInternational politics
_2qrmak
650 1 4 _aPublic international law
_2qrmak
856 4 0 _uhttps://fll.law.cu.edu.eg/fulltext/bks/B11-06543.pdf
905 _a79
942 _2ddc
_cBK
_e21
_n0
999 _c61776
_d61776